[Event "CAN-op"]
[Site "Toronto CAN"]
[Date "1987.07.27"]
[Round "4"]
[White "Brodie, Hugh"]
[Black "Purdy, Brian"]
[Result "1-0"]
[WhiteElo "1899"]
[BlackElo "1700"]
[PlyCount "49"]
[EventDate "1987.07.25"]
[EventType "swiss"]
[EventRounds "10"]
[EventCountry "CAN"]

1. f4 Nf6 2. Nf3 g6 3. e3 c5 4. b3 Bg7 5. Bb2 b6 6. Be2 Bb7 7. O-O d6 8. Bb5+
Nbd7 9. d3 a6 10. Bxd7+ Qxd7 11. e4 O-O 12. Qe1 e6 13. Qh4 Qe7 14. Nbd2 Rfe8
15. Rab1 Nh5 16. Bxg7 Qxh4 17. Nxh4 Nxg7 18. Nc4 Rad8 19. Nxb6 d5 20. e5 Bc6
21. Na4 Bxa4 22. bxa4 Rb8 23. Kf2 Kf8 24. Ke3 Ke7 25. Rb3 1-0

[Event "CAN-op"]
[Site "Toronto CAN"]
[Date "1987.07.28"]
[Round "5"]
[White "Boileau, Doug"]
[Black "Brodie, Hugh"]
[Result "1/2-1/2"]
[WhiteElo "2040"]
[BlackElo "1899"]
[PlyCount "87"]
[EventDate "1987.07.25"]
[EventType "swiss"]
[EventRounds "10"]
[EventCountry "CAN"]

1. Nf3 e6 2. g3 f5 3. Bg2 Nf6 4. d3 d5 5. O-O Bd6 6. c4 c6 7. Qc2 O-O 8. Nc3
Nbd7 9. e4 fxe4 10. dxe4 dxc4 11. Ne2 Qe7 12. Qxc4 Nb6 13. Qc2 e5 14. a3 Bg4
15. h3 Bxf3 16. Bxf3 Nfd7 17. Bg2 Nc5 18. b4 Ne6 19. Be3 c5 20. Nc3 Nd4 21.
Qa2+ Kh8 22. Nd5 Nxd5 23. Qxd5 Rad8 24. bxc5 Bxc5 25. Qa2 Nf3+ 26. Bxf3 Rxf3
27. Bxc5 Qxc5 28. a4 Rxg3+ 29. Kh2 Rf3 30. Rac1 Qe7 31. Qe2 Rdf8 32. Rc8 Rxh3+
33. Kxh3 Qd7+ 34. Qg4 Qxc8 35. Qxc8 Rxc8 36. Rd1 Kg8 37. Rd7 Rc4 38. f3 Rxa4
39. Rxb7 Ra5 40. Kg4 a6 41. Kf5 Rb5 42. Ra7 a5 43. Ra8+ Kf7 44. Ra7+ 1/2-1/2

[Event "CAN-op"]
[Site "Toronto CAN"]
[Date "1987.07.29"]
[Round "6"]
[White "Brodie, Hugh"]
[Black "Mascarin, Glen"]
[Result "0-1"]
[WhiteElo "1899"]
[BlackElo "2040"]
[PlyCount "106"]
[EventDate "1987.07.25"]
[EventType "swiss"]
[EventRounds "10"]
[EventCountry "CAN"]

1. e4 Nf6 2. Nc3 d5 3. e5 Ne4 4. d4 Nxc3 5. bxc3 Bf5 6. Nf3 e6 7. Bd3 Bxd3 8.
Qxd3 Qd7 9. O-O Nc6 10. Ng5 h6 11. Nh3 O-O-O 12. Rb1 Na5 13. f3 Nc4 14. Nf2 Be7
15. Ng4 Qa4 16. Bd2 Kb8 17. Ne3 Nxd2 18. Qxd2 c5 19. Rb2 Rc8 20. Rfb1 b6 21.
Qd3 cxd4 22. cxd4 Rc7 23. c3 Rhc8 24. Nd1 Bg5 25. Qe2 Qc4 26. Kf2 Qxe2+ 27.
Kxe2 Rc4 28. Rb4 Be7 29. R4b2 f6 30. f4 g5 31. Kf3 f5 32. g4 Rf8 33. Kg3 fxg4
34. fxg5 h5 35. g6 Rg8 36. Rf2 Rxg6 37. Rf7 h4+ 38. Kg2 Rc7 39. Rb2 h3+ 40. Kg1
Bh4 41. Rxc7 Kxc7 42. Nf2 Bg5 43. Re2 Bh6 44. Nd1 g3 45. hxg3 Rxg3+ 46. Kh2 Rd3
47. Nf2 Bf4+ 48. Kh1 Rxc3 49. Re1 Bg3 50. Rf1 Rf3 51. Rc1+ Kd7 52. Nxh3 Bxe5
53. Kg2 Rg3+ 0-1

[Event "CAN-op"]
[Site "Toronto CAN"]
[Date "1987.07.30"]
[Round "7"]
[White "Brodie, Hugh"]
[Black "Bowers, David"]
[Result "1-0"]
[WhiteElo "1899"]
[BlackElo "1707"]
[PlyCount "65"]
[EventDate "1987.07.25"]
[EventType "swiss"]
[EventRounds "10"]
[EventCountry "CAN"]

1. e4 e5 2. Nc3 Nf6 3. f4 exf4 4. e5 Qe7 5. Qe2 Ng8 6. Nf3 c6 7. d4 d6 8. Bxf4
dxe5 9. Nxe5 f6 10. Nc4 Qxe2+ 11. Bxe2 Be6 12. Nd6+ Bxd6 13. Bxd6 Ne7 14. Bg3
Nd7 15. Bf3 O-O 16. O-O Bc4 17. Rfe1 Nf5 18. Bf2 Nb6 19. b3 Bf7 20. Ne4 Rad8
21. c3 Nd5 22. Rad1 Rfe8 23. Kf1 Kf8 24. c4 Nb4 25. Rd2 Nd6 26. Nxd6 Rxe1+ 27.
Kxe1 Rxd6 28. d5 b6 29. a3 Na6 30. Bg3 Rd8 31. dxc6 Rc8 32. Bd6+ Ke8 33. c7 1-0

[Event "CAN-op"]
[Site "Toronto CAN"]
[Date "1987.07.31"]
[Round "8"]
[White "Walker, Trevor"]
[Black "Brodie, Hugh"]
[Result "1/2-1/2"]
[WhiteElo "1670"]
[BlackElo "1899"]
[PlyCount "118"]
[EventDate "1987.07.25"]
[EventType "swiss"]
[EventRounds "10"]
[EventCountry "CAN"]

1. Nf3 e6 2. g3 f5 3. d3 d5 4. Bg2 Nf6 5. O-O Bd6 6. Nbd2 O-O 7. e4 fxe4 8.
dxe4 dxe4 9. Ng5 e3 10. fxe3 c6 11. Nc4 Bc7 12. Qe2 Qe7 13. b3 c5 14. a4 Nc6
15. Bb2 Bd7 16. Qd3 Nb4 17. Qe2 Bc6 18. Bh3 Bd7 19. c3 Nc6 20. Rad1 Nd5 21. e4
Qxg5 22. exd5 exd5 23. Bxd7 dxc4 24. Qxc4+ Kh8 25. Bc1 Qg6 26. Bf4 Na5 27. Qe6
Bxf4 28. Rxf4 Rxf4 29. Qxg6 hxg6 30. gxf4 Kg8 31. Be6+ Kf8 32. Rd7 Re8 33. Bd5
Re1+ 34. Kf2 Rb1 35. Rf7+ Ke8 36. Rxg7 Nxb3 37. Rxb7 Nd2 38. Rxa7 Rc1 39. Bf7+
Kf8 40. Bxg6 Rxc3 41. h4 Rc4 42. Kg3 Rd4 43. h5 Kg8 44. h6 Rd8 45. Rg7+ Kh8 46.
f5 Rd3+ 47. Kf4 Rd4+ 48. Ke5 Nf3+ 49. Kf6 Rxa4 50. Re7 Ra6+ 51. Re6 Ra8 52. Ke7
Nh4 53. Re4 Nf3 54. Kd6 c4 55. Rxc4 Ra6+ 56. Kd5 Ra5+ 57. Rc5 Rxc5+ 58. Kxc5
Nh4 59. Kd5 Nxf5 1/2-1/2

[Event "CAN-op"]
[Site "Toronto CAN"]
[Date "1987.08.01"]
[Round "9"]
[White "Brodie, Hugh"]
[Black "Bokhout, Peter"]
[Result "1-0"]
[WhiteElo "1899"]
[BlackElo "1996"]
[PlyCount "61"]
[EventDate "1987.07.25"]
[EventType "swiss"]
[EventRounds "10"]
[EventCountry "CAN"]

1. e4 e5 2. Nc3 Nf6 3. f4 d5 4. fxe5 Nxe4 5. Nf3 Bg4 6. Qe2 Nc6 7. Nxe4 Nd4 8.
Qd3 Bxf3 9. gxf3 dxe4 10. Qxe4 Be7 11. c3 Bh4+ 12. Kd1 Ne6 13. d4 O-O 14. Bd3
g6 15. Bh6 Re8 16. Rg1 c5 17. d5 Nc7 18. c4 Bf2 19. Rg5 b5 20. b3 a5 21. h4 a4
22. h5 Ra6 23. hxg6 Rxg6 24. Qg4 Nxd5 25. cxd5 Qxd5 26. Kc2 Rd8 27. Rxg6+ hxg6
28. Bxg6 Kh8 29. Bg7+ Kg8 30. Bh7+ Kxh7 31. Rh1+ 1-0

[Event "CAN-op"]
[Site "Toronto CAN"]
[Date "1987.08.02"]
[Round "10"]
[White "Zagar, Milan"]
[Black "Brodie, Hugh"]
[Result "0-1"]
[WhiteElo "1790"]
[BlackElo "1899"]
[PlyCount "78"]
[EventDate "1987.07.25"]
[EventType "swiss"]
[EventRounds "10"]
[EventCountry "CAN"]

1. d4 e6 2. Nf3 f5 3. g3 Nf6 4. Bg2 d5 5. O-O Bd6 6. b3 O-O 7. Bb2 Qe8 8. Ne5
Nbd7 9. Nd2 c6 10. Ndf3 Qh5 11. e3 Ne4 12. Ne1 Qh6 13. N1d3 Ndf6 14. c4 Bd7 15.
c5 Bc7 16. Qe2 Rad8 17. b4 Be8 18. Nf4 Nd7 19. f3 Ng5 20. h4 Nf7 21. Nxd7 Bxd7
22. Qf2 e5 23. Nd3 Rde8 24. dxe5 Nxe5 25. Nxe5 Bxe5 26. Bxe5 Rxe5 27. e4 fxe4
28. Qd4 Qe6 29. Bh3 Qxh3 30. Qxe5 Re8 31. Qf4 Rf8 32. Qe5 Rxf3 33. Rxf3 exf3
34. Qb8+ Bc8 35. Kf2 Qg2+ 36. Ke3 Qe2+ 37. Kd4 Qd2+ 38. Ke5 Qe3+ 39. Kd6 Qe6+
0-1

[Event "Ottawa op"]
[Site "Ottawa CAN"]
[Date "1987.06.06"]
[Round "1"]
[White "Ross, Paul"]
[Black "Brodie, Hugh"]
[Result "1-0"]
[WhiteElo "2213"]
[BlackElo "1899"]
[PlyCount "61"]
[EventDate "1987.06.06"]
[EventType "swiss"]
[EventCountry "CAN"]
[EventCategory "5"]

1. d4 e6 2. Nf3 f5 3. Bg5 Be7 4. h4 b6 5. e3 Bb7 6. Nbd2 Nf6 7. Bd3 Ne4 8. Nxe4
Bxe4 9. Bxe4 fxe4 10. Ne5 O-O 11. Qg4 Rf5 12. Qxe4 d5 13. Bxe7 Qxe7 14. Qd3 Nd7
15. Nxd7 Qxd7 16. f4 c5 17. g3 Rc8 18. c3 Qa4 19. O-O Qe8 20. Kh2 Qh5 21. dxc5
Rxc5 22. Rae1 e5 23. fxe5 Rxe5 24. Rf4 Rc8 25. Ref1 Rce8 26. R1f3 Qh6 27. Qf1
Qd6 28. Qf2 Qc5 29. Rf7 Rxe3 30. Rxe3 Rxe3 31. Rxa7 1-0

[Event "Ottawa op"]
[Site "Ottawa CAN"]
[Date "1987.06.06"]
[Round "2"]
[White "Brodie, Hugh"]
[Black "Meskanen, Vesa"]
[Result "1-0"]
[WhiteElo "1899"]
[BlackElo "2250"]
[PlyCount "109"]
[EventDate "1987.06.06"]
[EventType "swiss"]
[EventCountry "CAN"]
[EventCategory "5"]

1. e4 e5 2. Nc3 Nf6 3. f4 d5 4. fxe5 Nxe4 5. Nf3 Be7 6. d4 O-O 7. Bd3 f5 8.
exf6 Bxf6 9. O-O Nc6 10. Ne2 Nb4 11. Bb5 c6 12. Ba4 b5 13. Bb3 a5 14. c3 Na6
15. Bf4 Bg4 16. Bc2 Qe7 17. Ne5 Bxe5 18. Bxe5 Rxf1+ 19. Qxf1 Rf8 20. Qe1 Rf2
21. Bd3 Nac5 22. dxc5 Qxe5 23. Ng3 Rxb2 24. Nxe4 dxe4 25. Qxe4 Qxc5+ 26. Kh1
Bd7 27. Qxh7+ Kf8 28. Qh8+ Kf7 29. Rf1+ Rf2 30. Rxf2+ Qxf2 31. Qh5+ Ke7 32.
Qe5+ Kf8 33. h3 Qxa2 34. Qd6+ Ke8 35. Bg6+ Kd8 36. Qf8+ Kc7 37. Qxg7 Qd5 38. h4
a4 39. h5 a3 40. Bf7 Qd1+ 41. Kh2 a2 42. Qe5+ Kb7 43. Bxa2 Qd2 44. Bf7 Qf2 45.
Bg6 c5 46. Be4+ Bc6 47. Qe7+ Kb6 48. Qd8+ Kb7 49. Qe7+ Kb8 50. Qd6+ Ka7 51.
Qc7+ Ka6 52. Qxc6+ Ka5 53. Qa8+ Kb6 54. Qb7+ Ka5 55. Qa7# 1-0

[Event "Ottawa op"]
[Site "Ottawa CAN"]
[Date "1987.06.06"]
[Round "3"]
[White "Brodie, Hugh"]
[Black "Winterton, Ken"]
[Result "1/2-1/2"]
[WhiteElo "1899"]
[BlackElo "2150"]
[PlyCount "91"]
[EventDate "1987.06.06"]
[EventType "swiss"]
[EventCountry "CAN"]
[EventCategory "5"]

1. e4 e5 2. Nc3 Nf6 3. f4 d5 4. fxe5 Nxe4 5. Nf3 Bg4 6. Qe2 Ng5 7. d4 Nxf3+ 8.
gxf3 Qh4+ 9. Kd1 Bd7 10. Be3 Nc6 11. Qd2 Be6 12. Bb5 Qh5 13. Ke2 Be7 14. Rag1
Kf8 15. Nd1 Bf5 16. Bxc6 bxc6 17. Nf2 h6 18. Nd3 g5 19. Nf2 Qg6 20. c3 Rb8 21.
h4 Rg8 22. hxg5 hxg5 23. Ng4 Bxg4 24. Rxg4 c5 25. b3 cxd4 26. Rxd4 c6 27. Rg4
Qe6 28. Bxa7 Ra8 29. Be3 Qxe5 30. Kf2 f5 31. Bd4 Qe6 32. Re1 Qf7 33. Rg2 c5 34.
Be5 Ra6 35. Qe2 Ra8 36. Rh1 Re8 37. Rgh2 c4 38. Qd2 Bc5+ 39. Bd4 Bxd4+ 40. cxd4
cxb3 41. axb3 g4 42. Rh7 Qe6 43. Qb4+ Re7 44. Qb8+ Re8 45. Qb4+ Re7 46. Qb8+
1/2-1/2

[Event "Ottawa op"]
[Site "Ottawa CAN"]
[Date "1987.06.07"]
[Round "4"]
[White "Sarkar, Prosanto"]
[Black "Brodie, Hugh"]
[Result "1-0"]
[WhiteElo "2263"]
[BlackElo "1899"]
[PlyCount "77"]
[EventDate "1987.06.06"]
[EventType "swiss"]
[EventCountry "CAN"]
[EventCategory "5"]

1. e4 c5 2. Nf3 Nc6 3. d4 cxd4 4. Nxd4 g6 5. Be3 Nf6 6. Nc3 Bg7 7. Be2 O-O 8.
O-O d5 9. Nxc6 bxc6 10. e5 Nd7 11. f4 e6 12. Na4 Qa5 13. c4 Ba6 14. b3 f6 15.
cxd5 cxd5 16. Bd2 Bxe2 17. Qxe2 Qd8 18. Qa6 Qe8 19. exf6 Bxf6 20. Rae1 e5 21.
Qd6 Nb6 22. Nxb6 Rd8 23. Qb4 axb6 24. fxe5 Be7 25. Qxb6 Qd7 26. e6 Qc8 27.
Rxf8+ Rxf8 28. Rc1 Qe8 29. Qc6 Qb8 30. Qc7 Qxc7 31. Rxc7 Bd6 32. Rc6 Be5 33. h4
Bg3 34. Bh6 Re8 35. Bg5 Ra8 36. a4 Rb8 37. Kf1 Rxb3 38. Rc8+ Kg7 39. e7 1-0

[Event "Toronto Class ch"]
[Site "Toronto CAN"]
[Date "1987.01.30"]
[Round "1"]
[White "Brodie, Hugh"]
[Black "Chow, Vincent"]
[Result "0-1"]
[WhiteElo "1948"]
[BlackElo "1884"]
[PlyCount "112"]
[EventDate "1987.01.30"]
[EventType "swiss"]
[EventRounds "5"]
[EventCountry "CAN"]

1. e4 c6 2. d3 d5 3. Nd2 dxe4 4. dxe4 Nf6 5. Bc4 Bg4 6. Ngf3 e6 7. O-O Nbd7 8.
Qe2 Ne5 9. Bb3 Bd6 10. h3 Bh5 11. Rd1 Qc7 12. a3 h6 13. Ba2 g5 14. g4 Bg6 15.
b4 h5 16. Nc4 Nxf3+ 17. Qxf3 Bh2+ 18. Kf1 Nxe4 19. Bb2 hxg4 20. hxg4 Rh4 21.
Rd4 b5 22. Nd2 Nxd2+ 23. Rxd2 Bf4 24. Re2 Qd6 25. Rae1 O-O-O 26. Bb3 Kb7 27.
Be5 Bxe5 28. Rxe5 Rdh8 29. Rxb5+ Kc7 30. Ra5 Rh1+ 31. Ke2 Rxe1+ 32. Kxe1 Kb8
33. Rc5 Rd8 34. Ba4 Be4 35. Qg3 Qxg3 36. fxg3 Rd5 37. Rxd5 cxd5 38. Ke2 d4 39.
Be8 f6 40. Bd7 e5 41. Bf5 Bxf5 42. gxf5 Kc7 43. Kd3 Kc6 44. Kc4 Kd6 45. a4 Kc6
46. g4 a6 47. c3 dxc3 48. Kxc3 Kd5 49. b5 axb5 50. axb5 Kc5 51. Kd3 Kxb5 52.
Ke4 Kc4 53. Ke3 Kb4 54. Ke4 Kc5 55. Ke3 Kd5 56. Kd3 e4+ 0-1

[Event "Toronto Class ch"]
[Site "Toronto CAN"]
[Date "1987.01.31"]
[Round "2"]
[White "Butt, Morgan"]
[Black "Brodie, Hugh"]
[Result "1/2-1/2"]
[WhiteElo "1892"]
[BlackElo "1948"]
[PlyCount "61"]
[EventDate "1987.01.30"]
[EventType "swiss"]
[EventRounds "5"]
[EventCountry "CAN"]

1. e4 c5 2. Nf3 Nc6 3. d4 cxd4 4. Nxd4 g6 5. Nxc6 bxc6 6. Qd4 Nf6 7. e5 Ng8 8.
e6 f6 9. Bc4 d5 10. Qc5 Qd6 11. Qxd6 exd6 12. Bb3 Bxe6 13. O-O Nh6 14. Re1 Kd7
15. Nc3 Bg7 16. Bxh6 Bxh6 17. Rad1 Rhe8 18. h3 Bf7 19. Rxe8 Rxe8 20. Ba4 Re5
21. g3 Kc7 22. f4 Re7 23. Kf2 f5 24. Ne2 a6 25. c3 Bg7 26. Bb3 Re4 27. Bc2 Re7
28. Nd4 Bg8 29. Nf3 Bf6 30. Bb3 Bf7 31. h4 1/2-1/2

[Event "Toronto Class ch"]
[Site "Toronto CAN"]
[Date "1987.01.31"]
[Round "3"]
[White "Mangahas, Ronald"]
[Black "Brodie, Hugh"]
[Result "1/2-1/2"]
[WhiteElo "1941"]
[BlackElo "1948"]
[PlyCount "81"]
[EventDate "1987.01.30"]
[EventType "swiss"]
[EventRounds "5"]
[EventCountry "CAN"]

1. e4 c5 2. Nf3 Nc6 3. d4 cxd4 4. Nxd4 g6 5. Nc3 Bg7 6. Be3 Nf6 7. Be2 O-O 8.
O-O d5 9. exd5 Nxd5 10. Nxd5 Nxd4 11. Bxd4 Qxd5 12. Bxg7 Qxd1 13. Rfxd1 Kxg7
14. c4 e5 15. Bf3 Be6 16. Bd5 Kf6 17. Rd2 Rad8 18. Rad1 Rd7 19. Bxe6 Rxd2 20.
Rxd2 Kxe6 21. f3 Rc8 22. b3 a6 23. Kf2 b5 24. cxb5 axb5 25. a4 Rc3 26. Rb2 bxa4
27. bxa4 Ra3 28. Rb6+ Ke7 29. Ra6 h5 30. h4 f6 31. a5 Kf7 32. Ra7+ Ke6 33. a6
Kf5 34. Ra8 e4 35. a7 exf3 36. gxf3 Kf4 37. Rf8 Ra2+ 38. Kg1 Rxa7 39. Rxf6+ Kg3
40. Rxg6+ Kxf3 41. Rg5 1/2-1/2

[Event "Toronto Class ch"]
[Site "Toronto CAN"]
[Date "1987.02.01"]
[Round "4"]
[White "Brodie, Hugh"]
[Black "Rasquin, Marc"]
[Result "1/2-1/2"]
[WhiteElo "1948"]
[BlackElo "1907"]
[PlyCount "74"]
[EventDate "1987.01.30"]
[EventType "swiss"]
[EventRounds "5"]
[EventCountry "CAN"]

1. e4 c6 2. d3 d5 3. Nd2 e5 4. Ngf3 Bd6 5. g3 f5 6. Bg2 Nf6 7. Qe2 O-O 8. O-O
Qc7 9. Re1 Re8 10. Nh4 f4 11. Nf5 Bxf5 12. exf5 Nbd7 13. g4 h6 14. h4 Nh7 15.
Nf3 Kh8 16. Qf1 Qb6 17. c3 Re7 18. Rb1 Rae8 19. Bd2 Qc7 20. b4 b6 21. Kh1 Qd8
22. Qg1 Rf7 23. Qh2 Kg8 24. Qh3 c5 25. Rg1 Qf6 26. Bf1 e4 27. dxe4 dxe4 28. Nh2
e3 29. fxe3 fxe3 30. Bxe3 Qxc3 31. Rb3 Qc2 32. bxc5 Bxc5 33. Bxc5 Nxc5 34. Rc3
Qe4+ 35. Bg2 Qe5 36. Bc6 Ne4 37. Bxe4 Qxe4+ 1/2-1/2

[Event "Toronto Class ch"]
[Site "Toronto CAN"]
[Date "1987.02.01"]
[Round "5"]
[White "Leskowsky, Zoltan"]
[Black "Brodie, Hugh"]
[Result "0-1"]
[WhiteElo "1895"]
[BlackElo "1948"]
[PlyCount "86"]
[EventDate "1987.01.30"]
[EventType "swiss"]
[EventRounds "5"]
[EventCountry "CAN"]

1. Nf3 e6 2. c4 f5 3. d3 Nf6 4. Nc3 Bb4 5. Bd2 b6 6. g3 Bb7 7. Bg2 O-O 8. a3
Bxc3 9. Bxc3 d6 10. O-O Qe8 11. e3 Nbd7 12. b4 e5 13. Re1 Rb8 14. Nh4 Bxg2 15.
Kxg2 Qe6 16. Nf3 Ng4 17. h3 Nh6 18. Nd2 Qg6 19. f4 Rbe8 20. Qb3 Nf6 21. Nf1 Nh5
22. Bd2 Re7 23. c5+ Kh8 24. cxb6 axb6 25. b5 Rfe8 26. Kf2 exf4 27. exf4 Rxe1
28. Rxe1 Rxe1 29. Bxe1 Qe8 30. Qd5 Nf6 31. Qc4 Nhg4+ 32. hxg4 Nxg4+ 33. Kg1
Qxe1 34. Qd4 Qe2 35. a4 h6 36. a5 bxa5 37. Qa7 Kh7 38. Qd4 a4 39. Qa1 a3 40.
Qb1 Qf2+ 41. Kh1 Qb2 42. Qxb2 axb2 43. Nd2 Nf2+ 0-1

[Event "RA Winter op"]
[Site "Ottawa CAN"]
[Date "1987.01.10"]
[Round "1"]
[White "Brodie, Hugh"]
[Black "Devenport, Martin"]
[Result "0-1"]
[WhiteElo "1875"]
[BlackElo "2222"]
[PlyCount "98"]
[EventDate "1987.01.10"]
[EventType "swiss"]
[EventRounds "5"]
[EventCountry "CAN"]

1. e4 e6 2. d3 c5 3. Nd2 Nc6 4. Ngf3 d6 5. g3 g6 6. Bg2 Bg7 7. O-O Nge7 8. Nh4
O-O 9. f4 Rb8 10. Nc4 b5 11. Ne3 Bd7 12. f5 Bf6 13. fxe6 fxe6 14. Ng4 Bd4+ 15.
Kh1 h5 16. Ne3 Rxf1+ 17. Qxf1 Qf8 18. Qe2 Bf6 19. Nf3 Qg7 20. Rb1 d5 21. Nd1 a5
22. Bg5 Bxg5 23. Nxg5 Nd4 24. Qd2 b4 25. Ne3 Qf6 26. Nh3 dxe4 27. Bxe4 Bc6 28.
Bxc6 Nexc6 29. Rf1 Nf5 30. Nxf5 exf5 31. Re1 Nd4 32. Ng5 Rd8 33. c3 bxc3 34.
bxc3 Qc6+ 35. Kg1 Nf3+ 36. Nxf3 Qxf3 37. d4 cxd4 38. cxd4 Qd5 39. Rd1 Kg7 40.
Qc3 h4 41. gxh4 Rd7 42. Qe3 Qxa2 43. Qe5+ Kh7 44. h5 Qd5 45. hxg6+ Kxg6 46.
Qg3+ Kh7 47. Qh4+ Kg8 48. Kf2 Rg7 49. Rg1 Qa2+ 0-1

[Event "RA Winter op"]
[Site "Ottawa CAN"]
[Date "1987.01.10"]
[Round "2"]
[White "Loo, Jack"]
[Black "Brodie, Hugh"]
[Result "0-1"]
[WhiteElo "1628"]
[BlackElo "1875"]
[PlyCount "44"]
[EventDate "1987.01.10"]
[EventType "swiss"]
[EventRounds "5"]
[EventCountry "CAN"]

1. Nf3 f5 2. d4 e6 3. g3 Nf6 4. Bg5 d5 5. e3 Bd6 6. c4 c6 7. cxd5 exd5 8. Bg2
O-O 9. Ne5 Qe8 10. Bxf6 Rxf6 11. Nd3 f4 12. gxf4 Bxf4 13. Nxf4 Rxf4 14. O-O Rf6
15. Nd2 Nd7 16. Nf3 Rh6 17. Qc2 Nf6 18. Rfe1 Qh5 19. Qc5 Bg4 20. Qd6 Bxf3 21.
Bxf3 Qxf3 22. Kf1 Ne4 0-1

[Event "RA Winter op"]
[Site "Ottawa CAN"]
[Date "1987.01.10"]
[Round "3"]
[White "Brodie, Hugh"]
[Black "Bowie-Reed, Eric"]
[Result "1/2-1/2"]
[WhiteElo "1875"]
[BlackElo "2168"]
[PlyCount "82"]
[EventDate "1987.01.10"]
[EventType "swiss"]
[EventRounds "5"]
[EventCountry "CAN"]

1. e4 e5 2. Nc3 Bc5 3. Bc4 Nf6 4. d3 d6 5. Nf3 Nc6 6. Bg5 Ne7 7. h3 c6 8. Bb3
Ng6 9. Nh4 Nxh4 10. Bxh4 Be6 11. Qf3 Qe7 12. Ne2 a5 13. c3 h6 14. Bxf6 Qxf6 15.
Qxf6 gxf6 16. Ng3 Rg8 17. Rd1 a4 18. Bxe6 fxe6 19. d4 exd4 20. cxd4 Bb4+ 21.
Ke2 d5 22. Rd3 Bd6 23. exd5 cxd5 24. Rc1 Bxg3 25. fxg3 Kd7 26. Rf1 Ke7 27. Rdf3
Rac8 28. Kd3 f5 29. g4 fxg4 30. Rf7+ Kd6 31. Rxb7 gxh3 32. gxh3 Rg3+ 33. Kd2
Rxh3 34. Rff7 Kc6 35. b4 axb3 36. axb3 Rh2+ 37. Kd3 Rh3+ 38. Kd2 Rh4 39. Kd3
Rh3+ 40. Kd2 Rh4 41. Kd3 Rh3+ 1/2-1/2

[Event "RA Winter op"]
[Site "Ottawa CAN"]
[Date "1987.01.11"]
[Round "4"]
[White "Brodie, Hugh"]
[Black "Julien, Bradley"]
[Result "0-1"]
[WhiteElo "1875"]
[BlackElo "1996"]
[PlyCount "48"]
[EventDate "1987.01.10"]
[EventType "swiss"]
[EventRounds "5"]
[EventCountry "CAN"]

1. e4 e6 2. d3 b6 3. Nd2 Bb7 4. Ngf3 c5 5. g3 Nc6 6. Bg2 d6 7. O-O Qc7 8. c3 g6
9. Nc4 Bg7 10. Ne3 Nge7 11. Nh4 g5 12. Nf3 h6 13. Qa4 Qd7 14. Bd2 Ne5 15. Qc2
Nxf3+ 16. Bxf3 f5 17. Bh5+ Kd8 18. Rad1 Rc8 19. Bc1 Rc7 20. f3 Rf8 21. Qb3 Ng8
22. exf5 exf5 23. Nd5 Bxd5 24. Qxd5 Nf6 0-1

[Event "RA Winter op"]
[Site "Ottawa CAN"]
[Date "1987.01.11"]
[Round "5"]
[White "Burgess, Doug"]
[Black "Brodie, Hugh"]
[Result "1/2-1/2"]
[WhiteElo "1820"]
[BlackElo "1875"]
[PlyCount "45"]
[EventDate "1987.01.10"]
[EventType "swiss"]
[EventRounds "5"]
[EventCountry "CAN"]

1. e4 c5 2. Nf3 Nc6 3. d4 cxd4 4. c3 d5 5. exd5 Qxd5 6. Nxd4 e5 7. Nb5 Qxd1+ 8.
Kxd1 Kd7 9. Bd3 a6 10. N5a3 Kc7 11. f4 exf4 12. Bxf4+ Bd6 13. Rf1 f6 14. Nd2
Nge7 15. Kc2 Nd5 16. Bxd6+ Kxd6 17. Ndc4+ Kc7 18. Rae1 Bd7 19. Ne3 Nxe3+ 20.
Rxe3 Ne5 21. h3 Nxd3 22. Kxd3 Rhe8 23. Rfe1 1/2-1/2

[Event "Outaouais op"]
[Site "Hull CAN"]
[Date "1986.11.15"]
[Round "2"]
[White "Barclay, Wayne"]
[Black "Brodie, Hugh"]
[Result "1-0"]
[WhiteElo "2122"]
[BlackElo "1863"]
[PlyCount "91"]
[EventDate "1986.11.15"]
[EventType "swiss"]
[EventRounds "5"]
[EventCountry "CAN"]

1. d4 e6 2. c4 Bb4+ 3. Nc3 f5 4. g3 Nf6 5. Bg2 O-O 6. Nf3 d5 7. O-O c6 8. Qb3
Bd6 9. Ne5 Qe7 10. Bf4 Kh8 11. Rac1 Nbd7 12. f3 Nh5 13. Nxd7 Bxd7 14. Bxd6 Qxd6
15. c5 Qc7 16. e4 Rae8 17. Rce1 Nf6 18. Qa3 dxe4 19. fxe4 e5 20. d5 cxd5 21.
exd5 a6 22. b4 e4 23. d6 Qc8 24. Qc1 Be6 25. Bh3 Nd7 26. Ne2 Ne5 27. Qb1 Nf3+
28. Rxf3 exf3 29. Nd4 Bd7 30. Nxf3 Rxe1+ 31. Qxe1 Re8 32. Qc3 Re2 33. Bf1 Re8
34. Bc4 Be6 35. Ne5 h6 36. Qd4 Bd7 37. Bf7 Rd8 38. Ng6+ Kh7 39. Ne7 Qb8 40. g4
Rf8 41. Bg6+ Kh8 42. gxf5 Rf6 43. Nd5 Rf8 44. f6 gxf6 45. Nxf6 Qd8 46. Ne8+ 1-0

[Event "Outaouais op"]
[Site "Hull CAN"]
[Date "1986.11.15"]
[Round "3"]
[White "Cohen, David"]
[Black "Brodie, Hugh"]
[Result "0-1"]
[WhiteElo "1740"]
[BlackElo "1863"]
[PlyCount "128"]
[EventDate "1986.11.15"]
[EventType "swiss"]
[EventRounds "5"]
[EventCountry "CAN"]

1. e4 c5 2. Nf3 Nc6 3. d4 cxd4 4. Nxd4 g6 5. Nc3 Bg7 6. Be3 Nf6 7. f3 Qa5 8.
Nb3 Qc7 9. Qd2 d6 10. O-O-O Bd7 11. Kb1 O-O 12. h4 Rfc8 13. h5 Nxh5 14. Nd5 Qd8
15. g4 Ng3 16. Rg1 Nxf1 17. Rdxf1 Be6 18. f4 Bxd5 19. exd5 Nb8 20. f5 Nd7 21.
fxg6 hxg6 22. Qf2 Ne5 23. Rh1 f6 24. Qe2 Qc7 25. Bh6 Qc5 26. Re1 Qxd5 27. Rd1
Qc4 28. Qg2 Kf7 29. Bxg7 Kxg7 30. Qxb7 Qxc2+ 31. Ka1 Qc7 32. Qg2 Qc6 33. Qg3
Rh8 34. Rhe1 Kf7 35. Nd4 Qc4 36. Nb3 Qxg4 37. Qc3 Rh3 38. Qc7 Qc4 39. Qb7 Qc6
40. Qb4 Rh2 41. Nd4 Qc4 42. Qb7 Rc8 43. Qxa7 Rd2 44. Nb3 Rxd1+ 45. Rxd1 Qe2 46.
Rb1 Qc4 47. Qb7 Rc7 48. Qb6 Qc6 49. Qb4 Qc4 50. Qe1 Ra7 51. Na5 Qd5 52. b4 Qd4+
53. Rb2 Qxb2+ 54. Kxb2 Nd3+ 55. Kb3 Nxe1 56. Nc6 Rc7 57. b5 Rxc6 58. bxc6 Ke8
59. Kc4 Kd8 60. Kb5 Kc7 61. a4 Nd3 62. a5 Nc5 63. a6 Nxa6 64. Kxa6 Kxc6 0-1

[Event "Outaouais op"]
[Site "Hull CAN"]
[Date "1986.11.16"]
[Round "4"]
[White "Brodie, Hugh"]
[Black "Devenport, Martin"]
[Result "0-1"]
[WhiteElo "1863"]
[BlackElo "2200"]
[PlyCount "86"]
[EventDate "1986.11.15"]
[EventType "swiss"]
[EventRounds "5"]
[EventCountry "CAN"]

1. e4 g6 2. d4 Bg7 3. Bc4 d6 4. Nf3 Nf6 5. Qe2 O-O 6. O-O c6 7. Bb3 a5 8. c3 b6
9. Bc2 Ba6 10. Bd3 Bxd3 11. Qxd3 Qc7 12. Bg5 h6 13. Bxf6 Bxf6 14. Nbd2 Nd7 15.
Rac1 c5 16. Rfe1 b5 17. Nf1 b4 18. Ne3 Rfc8 19. Qd2 Bg7 20. Nd5 Qd8 21. Re2 e6
22. Nf4 cxd4 23. cxd4 Qb6 24. Ree1 Kh7 25. Ne2 Qb7 26. Ng3 Nb6 27. Qe2 d5 28.
e5 Nc4 29. b3 Na3 30. Qd3 Rc6 31. Nh5 Rac8 32. Rxc6 Qxc6 33. Nxg7 Kxg7 34. Qd2
Qc2 35. Qf4 Qxa2 36. Qf6+ Kg8 37. g4 Qc2 38. h4 Nb5 39. h5 Nc3 40. Nh4 Ne4 41.
Qf3 Rc3 42. Re3 g5 43. Ng2 Qxb3 0-1

[Event "CAN-op U2000"]
[Site "Winnipeg CAN"]
[Date "1986.07.12"]
[Round "1"]
[White "Brodie, Hugh"]
[Black "Kajetaniak, Jan"]
[Result "0-1"]
[WhiteElo "1947"]
[BlackElo "1535"]
[PlyCount "114"]
[EventDate "1986.07.12"]
[EventType "swiss"]
[EventRounds "10"]
[EventCountry "CAN"]

1. e4 e5 2. Nc3 Nf6 3. f4 d6 4. Nf3 Nbd7 5. Bc4 h6 6. O-O Be7 7. d3 b6 8. Be3
c5 9. Nd5 Bb7 10. Nxf6+ Bxf6 11. fxe5 dxe5 12. Nd2 Qe7 13. Qg4 O-O-O 14. a4 a6
15. b4 Kb8 16. bxc5 Nxc5 17. Rfb1 Qc7 18. Rb4 Bg5 19. Bxg5 hxg5 20. Rab1 Rd6
21. Ba2 Rhh6 22. Nc4 Rd4 23. Rxb6 Rxb6 24. Nxb6 Nxa4 25. Nxa4 Qxc2 26. Qd1
Qxd1+ 27. Rxd1 Rxa4 28. Bxf7 Kc7 29. Kf2 Kd6 30. Rb1 Kc7 31. Rb2 Ra3 32. Ke3
Bc6 33. Ra2 Rxa2 34. Bxa2 Kd6 35. d4 Ba4 36. Kd3 Bd1 37. g3 a5 38. Kd2 Bg4 39.
Kc3 exd4+ 40. Kxd4 Be6 41. Bb1 a4 42. Kc3 a3 43. Bc2 Ke5 44. h4 gxh4 45. gxh4
Bf7 46. Bd3 Kf4 47. Be2 Kxe4 48. h5 Kf4 49. Bd1 Kg5 50. Be2 Bxh5 51. Bc4 Kf4
52. Kb3 g5 53. Kxa3 g4 54. Kb2 g3 55. Bf1 Ke3 56. Kc2 Kf2 57. Bh3 Bg4 0-1